000 00607cam a22002293a 4500
001 4278
003 PGUSA
005 20140828083051.0
008 030701s2003||||xxu|||||s|||||000 | eng d
040 _aPGUSA
_beng
042 _adc
050 4 _aB
100 1 _aBesant, Annie,
_d1847-1933
245 1 3 _aAn Introduction to Yoga
_h[electronic resource] /
_cAnnie Besant
260 _bProject Gutenberg,
_c2003
506 _aPublic domain in the USA.
516 _aElectronic text
653 _aYoga
830 0 _aProject Gutenberg
_v4278
856 4 0 _uhttp://www.gutenberg.org/ebooks/4278
942 _cEB
999 _c233607
_d233607